| 000 | 00786nam a2200253 a 4500 | ||
|---|---|---|---|
| 001 | 000011857 | ||
| 003 | DO-SdBNP | ||
| 005 | 20240412074228.0 | ||
| 007 | ta | ||
| 008 | 091028e2001 dr gr 000 jdspa d | ||
| 020 | _a9993433160 | ||
| 040 |
_aDO-SdBNP _bspa _cBNPHU |
||
| 082 | 4 |
_aRD863.44 _bC346h _222 |
|
| 100 | 1 |
_aCastaños Guzmán, Julio César, _928027 |
|
| 245 | 1 | 3 |
_aLa hostos 40 y otros relatos / _cJulio César Castaños Guzmán. |
| 260 |
_aSanto Domingo : _bCorripio, _c2001. |
||
| 300 |
_a158 p. ; _c24 cm. |
||
| 500 | _aIncluye datos biográficos del autor en la contracubierta. | ||
| 590 | _aInventariado, 2020/YL | ||
| 650 | 0 |
_aCuentos dominicanos _9176 |
|
| 650 | 0 |
_aLiteratura dominicana. _967 |
|
| 910 | _aValidado. Control de calidad MFF | ||
| 942 |
_2ddc _cLBS1 |
||
| 999 |
_c11531 _d11531 |
||